[Event "33. Seebach-Open"]
[Site "Grossenseebach"]
[Date "2024.05.31"]
[Round "4.57"]
[White "Fridlin, Daniel"]
[Black "Fraunholz, Axel"]
[Result "1-0"]
[WhiteElo "1741"]
[BlackElo "1285"]
[PlyCount "63"]
[EventDate "2024.??.??"]
[WhiteTeam "SC Noris-Tarrasch Nürnberg 1873"]
[BlackTeam "Spvg Zabo-Eintracht Nürnberg e.V"]

1. e4 c5 2. Nf3 Nc6 3. d4 cxd4 4. Nxd4 g6 5. Be3 Bg7 6. Nc3 a6 7. Qd2 Nf6 8. f3
O-O 9. O-O-O e5 10. Nb3 Re8 11. g4 b5 12. h4 b4 13. Nd5 Nxd5 14. Qxd5 Re6 15.
h5 Qf6 16. Be2 Rb8 17. Nc5 Ne7 18. Qd2 d6 19. Nxe6 Bxe6 20. g5 Qf4 21. Bxf4
exf4 22. Qxd6 Re8 23. hxg6 Nxg6 24. Qxb4 Ne5 25. Qb6 Bc4 26. Bxc4 Nxc4 27. Qb7
Bxb2+ 28. Kb1 Re5 29. Qc8+ Kg7 30. Qxc4 Rb5 31. Qxb5 axb5 32. Kxb2 1-0

[Event "33. Seebach-Open"]
[Site "Grossenseebach"]
[Date "2024.05.31"]
[Round "4.58"]
[White "Gebhardt, Andreas"]
[Black "Schuetze, Benjamin"]
[Result "0-1"]
[WhiteElo "1253"]
[BlackElo "1685"]
[PlyCount "40"]
[EventDate "2024.??.??"]
[WhiteTeam "TSV Kirchehrenbach"]
[BlackTeam "FSV Großenseebach"]

1. e4 e5 2. d4 exd4 3. c3 d5 4. e5 dxc3 5. Nxc3 Bb4 6. a3 Bxc3+ 7. bxc3 Ne7 8.
Nf3 O-O 9. Bd3 Bg4 10. Bxh7+ Kh8 11. Bc2 Bf5 12. Ng5 g6 13. Bxf5 Nxf5 14. Qg4
Kg7 15. Qh3 Rh8 16. Qf3 Nc6 17. Bf4 Nh4 18. Qh3 Qc8 19. g4 Qd7 20. Bg3 Nf3+ 0-1

[Event "33. Seebach-Open"]
[Site "Grossenseebach"]
[Date "2024.05.31"]
[Round "4.59"]
[White "Waschner, Richard"]
[Black "Ramayanam, Nithya"]
[Result "1-0"]
[WhiteElo "1638"]
[BlackElo "1185"]
[PlyCount "175"]
[EventDate "2024.??.??"]
[WhiteTeam "Spvg Zabo-Eintracht Nürnberg e.V"]
[BlackTeam "SC Erlangen 48/88"]

1. d4 e5 2. dxe5 Nc6 3. Nf3 Qe7 4. e4 Nxe5 5. Nc3 Nxf3+ 6. Qxf3 d6 7. Bc4 Be6
8. Bxe6 Qxe6 9. Nd5 O-O-O 10. O-O Be7 11. Qc3 c6 12. Be3 Bf6 13. Nxf6 Nxf6 14.
f3 a6 15. Bf2 Rhe8 16. a4 Qe5 17. Bd4 Qe6 18. b4 Rg8 19. Bb6 Rde8 20. b5 c5 21.
bxa6 bxa6 22. Qa5 Qd7 23. Rfd1 Kb7 24. Rab1 Ra8 25. Bxc5+ Kc8 26. Rxd6 Qc7 27.
Qxc7+ Kxc7 28. Rbb6 Rgd8 29. Rbc6+ Kb7 30. Rxd8 Rxd8 31. Rd6 Rxd6 32. Bxd6 Kc6
33. Be5 Kc5 34. c3 Nh5 35. Kf2 f6 36. Bd4+ Kc4 37. Ke3 g6 38. g4 Ng7 39. Bxf6
Ne8 40. Be5 Kb3 41. Kd4 Kxa4 42. Kd5 a5 43. Ke6 Kb3 44. Kd7 a4 45. Kxe8 a3 46.
Kf7 a2 47. c4 Kxc4 48. Kg7 h5 49. h3 hxg4 50. hxg4 Kd3 51. Kxg6 Ke3 52. g5 Kxf3
53. Kf5 Ke3 54. g6 Kd3 55. g7 Kc4 56. g8=Q+ Kd3 57. Qxa2 Ke3 58. Qb3+ Kd2 59.
Qd3+ Kxd3 60. Bh8 Kc4 61. Ke6 Kc5 62. Kd7 Kb6 63. e5 Kc5 64. e6 Kd5 65. e7 Kc5
66. Bd4+ Kxd4 67. e8=R Kd5 68. Rh8 Kc5 69. Rh6 Kd5 70. Rh5+ Ke4 71. Kd6 Kf4 72.
Ke6 Kg4 73. Ra5 Kf4 74. Rb5 Kg4 75. Kf6 Kf4 76. Rb4+ Ke3 77. Kf5 Kd3 78. Ke5
Kc3 79. Rh4 Kd3 80. Rg4 Kc3 81. Kd5 Kb3 82. Kc5 Ka3 83. Rb4 Ka2 84. Rb8 Ka3 85.
Kc4 Ka2 86. Kc3 Ka1 87. Kc2 Ka2 88. Ra8# 1-0

[Event "33. Seebach-Open"]
[Site "Grossenseebach"]
[Date "2024.05.31"]
[Round "4.60"]
[White "Hummel, Heike"]
[Black "Bauschke, Norman"]
[Result "0-1"]
[WhiteElo "1170"]
[BlackElo "1636"]
[PlyCount "96"]
[EventDate "2024.??.??"]
[WhiteTeam "SK Rothenburg e.V."]
[BlackTeam "SC Höchstadt/Aisch"]

1. e4 c5 2. Nc3 Nc6 3. Nf3 e6 4. e5 a6 5. a3 d5 6. d4 cxd4 7. Nxd4 Nxe5 8. Be2
Nf6 9. Bg5 Be7 10. Bf4 Ng6 11. Bd2 O-O 12. O-O Bd7 13. h3 Qb6 14. Bc1 Rac8 15.
Nb3 Rfd8 16. Rb1 h6 17. Be3 Qc7 18. g3 Bd6 19. f4 Ne7 20. Nd4 e5 21. fxe5 Bxe5
22. Bf4 Bxh3 23. Rf2 Ne4 24. Rf3 Bg4 25. Bxe5 Qxe5 26. Re3 Bxe2 27. Ncxe2 Qg5
28. Nf3 Qxe3+ 29. Kh2 Qxf3 30. Qe1 Qf2+ 31. Qxf2 Nxf2 32. c3 Rc6 33. Nd4 Rf6
34. Rf1 Ng4+ 35. Kg1 Rxf1+ 36. Kxf1 Nc6 37. Nb3 h5 38. a4 d4 39. c4 d3 40. Nd2
Rd4 41. Ke1 Nce5 42. b3 Nh2 43. Kf2 Nhf3 44. Nxf3 Nxf3 45. Ke3 d2 46. Kxf3
d1=Q+ 47. Kg2 Rd2+ 48. Kh3 Qh1# 0-1

[Event "33. Seebach-Open"]
[Site "Grossenseebach"]
[Date "2024.05.31"]
[Round "4.61"]
[White "Dennerlein, Marius"]
[Black "Held, Werner"]
[Result "1-0"]
[WhiteElo "1578"]
[BlackElo "1111"]
[PlyCount "93"]
[EventDate "2024.??.??"]
[WhiteTeam "SC Wassertrüdingen"]
[BlackTeam "Spvg Zabo-Eintracht Nürnberg e.V"]

1. b3 a5 2. Bb2 h5 3. g3 b6 4. Bg2 c6 5. Nf3 Nf6 6. c4 e6 7. O-O Bb7 8. d4 g6
9. Nbd2 Bg7 10. e4 O-O 11. e5 Ng4 12. h3 Nh6 13. Re1 c5 14. Ne4 Bxe4 15. Rxe4
Qc7 16. d5 Qb7 17. Qd3 Na6 18. a3 Rad8 19. d6 Nb8 20. Ree1 Nc6 21. Bc3 Nf5 22.
Rab1 f6 23. exf6 Bxf6 24. Bxf6 Rxf6 25. Qd2 Qb8 26. Rbd1 Re8 27. Qc3 Ref8 28.
Ne5 Nxe5 29. Qxe5 Nd4 30. Rxd4 cxd4 31. f4 b5 32. c5 Rf5 33. Qxd4 Qa7 34. b4
axb4 35. axb4 Qa3 36. Re3 Qc1+ 37. Kf2 Qc4 38. Qxc4 bxc4 39. c6 e5 40. Bd5+ Kh7
41. c7 exf4 42. Re7+ Kh6 43. g4 Rxd5 44. Rxd7 Re5 45. Rd8 Ree8 46. Rxe8 Rxe8
47. d7 1-0

[Event "33. Seebach-Open"]
[Site "Grossenseebach"]
[Date "2024.05.31"]
[Round "4.62"]
[White "Weissmann, Peter"]
[Black "Bajaj, Pranit"]
[Result "1-0"]
[WhiteElo "1568"]
[BlackElo "1097"]
[PlyCount "54"]
[EventDate "2024.??.??"]
[WhiteTeam "SGem 1882 Fürth"]
[BlackTeam "SC Erlangen 48/88"]

1. e4 e5 2. d4 exd4 3. Bc4 Nc6 4. Nf3 Bc5 5. Ng5 Nh6 6. Nxf7 Nxf7 7. Bxf7+ Kf8
8. Bd5 Qf6 9. O-O d6 10. Kh1 Be6 11. Bxc6 bxc6 12. f4 Ke7 13. f5 Bc4 14. Rf3
Rhe8 15. Rg3 Kd7 16. Qg4 g6 17. Nd2 Bg8 18. Nf3 Kc8 19. Bg5 Qh8 20. Qh4 Qg7 21.
Bf6 Qf7 22. b3 gxf5 23. exf5 Qd5 24. Nxd4 Re4 25. Rxg8+ Kb7 26. Rg4 Rg8 27.
Rxe4 Qxf5 1-0

[Event "33. Seebach-Open"]
[Site "Grossenseebach"]
[Date "2024.05.31"]
[Round "4.63"]
[White "Kozic, David"]
[Black "Mao, Luca"]
[Result "1-0"]
[WhiteElo "1565"]
[BlackElo "798"]
[PlyCount "73"]
[EventDate "2024.??.??"]
[WhiteTeam "SV Lauf a.d.P."]
[BlackTeam "SC Erlangen 48/88"]

1. d4 d5 2. c4 c6 3. Nc3 e6 4. Nf3 Bb4 5. a3 Ba5 6. b4 Bc7 7. g3 dxc4 8. Bg2 f6
9. O-O e5 10. dxe5 Qxd1 11. Rxd1 Bxe5 12. Nxe5 fxe5 13. Bb2 Nf6 14. b5 O-O 15.
bxc6 Nxc6 16. Nd5 Be6 17. Nb4 Rac8 18. Nxc6 bxc6 19. Bxe5 Ng4 20. f4 Ne3 21.
Rd6 Bg4 22. Rxc6 Rxc6 23. Bxc6 Bxe2 24. Re1 Rc8 25. Bb7 Rc5 26. Rxe2 Nf5 27.
Be4 g6 28. g4 Ne7 29. Bd6 Rc8 30. Bxe7 c3 31. Bf6 Kf7 32. g5 h6 33. Rc2 Re8 34.
Bd5+ Kf8 35. Rxc3 Re1+ 36. Kf2 Rd1 37. Rc8# 1-0

[Event "33. Seebach-Open"]
[Site "Grossenseebach"]
[Date "2024.05.31"]
[Round "4.66"]
[White "Averkova, Olena"]
[Black "Satti, Shahroz"]
[Result "1-0"]
[WhiteElo "1812"]
[BlackElo "1232"]
[PlyCount "75"]
[EventDate "2024.??.??"]
[WhiteTeam "SC 1868 Bamberg"]
[BlackTeam "SC Erlangen 48/88"]

1. e4 d5 2. exd5 Qxd5 3. Nc3 Qa5 4. d4 c6 5. Bc4 Nf6 6. Bd2 Qc7 7. Nge2 Bf5 8.
Bf4 Qa5 9. O-O Nbd7 10. d5 cxd5 11. Nxd5 Nxd5 12. Bxd5 O-O-O 13. c4 e5 14. Bd2
Qb6 15. b3 f6 16. Be3 Bc5 17. Bd2 Bg4 18. h3 Bh5 19. Qe1 Bg6 20. Ba5 Qa6 21.
Bxd8 Rxd8 22. b4 Bd4 23. Nxd4 exd4 24. Qe7 Qb6 25. Be6 Be8 26. Rab1 Qc6 27. b5
Qc7 28. c5 Bg6 29. Rbc1 Kb8 30. b6 Qc6 31. Qxd8+ Qc8 32. bxa7+ Kxa7 33. Qxc8
Nb8 34. Rfd1 Nc6 35. Bd5 Ka6 36. Bxc6 Ka5 37. Qxb7 Bf5 38. Qb5# 1-0

[Event "33. Seebach-Open"]
[Site "Grossenseebach"]
[Date "2024.05.31"]
[Round "4.67"]
[White "Savchuk, Andrej"]
[Black "Kuhmann, Peter"]
[Result "0-1"]
[WhiteElo "1274"]
[BlackElo "1799"]
[PlyCount "48"]
[EventDate "2024.??.??"]
[WhiteTeam "SC Uttenreuth e.V."]
[BlackTeam "TSV Kirchehrenbach"]

1. e4 d6 2. d4 Nf6 3. Nc3 Nbd7 4. Bc4 e5 5. Nge2 c6 6. O-O Be7 7. f4 b5 8. Bd3
Qb6 9. Be3 Ng4 10. Qd2 O-O 11. h3 Nxe3 12. Qxe3 Bf6 13. g4 exd4 14. Qg3 dxc3+
15. Kh2 Nc5 16. g5 Be7 17. f5 Nxd3 18. cxd3 cxb2 19. Rab1 f6 20. Rg1 fxg5 21.
h4 Bxf5 22. exf5 Rxf5 23. Qg4 Raf8 24. Ng3 Rf2+ 0-1

[Event "33. Seebach-Open"]
[Site "Grossenseebach"]
[Date "2024.05.31"]
[Round "4.68"]
[White "Stroessner, Pascal"]
[Black "Walter, Gabriele"]
[Result "0-1"]
[WhiteElo "1262"]
[BlackElo "1384"]
[PlyCount "118"]
[EventDate "2024.??.??"]
[WhiteTeam "FSV Großenseebach"]
[BlackTeam "SV Lauf a.d.P."]

1. e4 c5 2. Nc3 g6 3. Bc4 Bg7 4. Nf3 Nf6 5. O-O O-O 6. d3 Nc6 7. Bf4 d6 8. Qd2
a6 9. h3 b5 10. Bd5 Bb7 11. Bh6 e6 12. Bxc6 Bxc6 13. a3 Qc7 14. Rfe1 Bb7 15. b3
Qc6 16. d4 Rad8 17. Rad1 Rd7 18. Bxg7 Kxg7 19. d5 exd5 20. exd5 Qc7 21. Ng5 Re7
22. Rxe7 Qxe7 23. Re1 Qd7 24. b4 h6 25. bxc5 dxc5 26. Nf3 Bxd5 27. Nxd5 Qxd5
28. Qxd5 Nxd5 29. Re5 Rd8 30. Ne1 Kf6 31. Re2 b4 32. Rd2 Ke7 33. axb4 cxb4 34.
Rd4 a5 35. Nd3 Rd6 36. Re4+ Re6 37. Rd4 Nc3 38. Rc4 Rd6 39. Rc7+ Rd7 40. Rc5
Ra7 41. Ne5 Ke6 42. Nd3 a4 43. Nxb4 Ne4 44. Rc4 Nd6 45. Rd4 a3 46. Na2 Rb7 47.
Rd3 Nc4 48. Rb3 Rd7 49. Kf1 Nd2+ 50. Ke2 Nxb3 51. cxb3 Kd5 52. Kd3 f5 53. Kc3
Rc7+ 54. Kb4 Ra7 55. Nc3+ Ke5 56. Nb5 a2 57. Nxa7 a1=Q 58. Nc6+ Kf6 59. Kc4
Qf1+ 0-1

[Event "33. Seebach-Open"]
[Site "Grossenseebach"]
[Date "2024.05.31"]
[Round "4.69"]
[White "Kern, Daniel"]
[Black "Jain, Vihaan"]
[Result "1-0"]
[WhiteElo "1200"]
[BlackElo "981"]
[PlyCount "157"]
[EventDate "2024.??.??"]
[WhiteTeam "SC Höchstadt/Aisch"]
[BlackTeam "SK 1911 Herzogenaurach e.V."]

1. d4 Nf6 2. c4 g6 3. Nf3 Bg7 4. g3 d6 5. Bg2 O-O 6. O-O Nc6 7. Nc3 Bf5 8. Re1
Ne4 9. e3 e6 10. h3 d5 11. g4 Nxc3 12. bxc3 Be4 13. cxd5 exd5 14. Qb3 Na5 15.
Qb5 c6 16. Qe2 c5 17. Ne5 f6 18. Nd3 c4 19. Bxe4 dxe4 20. Nc5 Qe7 21. f3 f5 22.
gxf5 gxf5 23. fxe4 b6 24. Na4 fxe4 25. Rf1 Qd7 26. Nb2 Qxh3 27. Rf2 Rxf2 28.
Qxf2 Rf8 29. Qg2 Qh4 30. Bd2 Rf3 31. Be1 Qf6 32. Bf2 Kh8 33. Rf1 h5 34. Bg3 Qg5
35. Rxf3 exf3 36. Qxf3 h4 37. Qa8+ Kh7 38. Qe4+ Kh6 39. Qxh4+ Kg6 40. Qxg5+
Kxg5 41. Kf2 b5 42. Kf3 Kf5 43. e4+ Ke6 44. Kg4 b4 45. Be1 Bxd4 46. cxd4 c3 47.
Nd3 c2 48. Bxb4 Nc4 49. Nc1 a5 50. Bc3 Ne3+ 51. Kf3 Nc4 52. d5+ Kd6 53. Kf4 a4
54. Kf5 Ne3+ 55. Kf4 Nxd5+ 56. exd5 Kxd5 57. Ke3 Kc4 58. Kd2 a3 59. Kxc2 Kb5
60. Kb3 Kc5 61. Kxa3 Kc4 62. Be1 Kb5 63. Nb3 Ka6 64. Kb4 Kb6 65. Bf2+ Kc6 66.
a4 Kb7 67. Kb5 Ka8 68. Nc5 Kb8 69. a5 Ka8 70. Kb6 Kb8 71. Na6+ Ka8 72. Nc7+ Kb8
73. a6 Kc8 74. a7 Kd7 75. a8=Q Ke7 76. Qe4+ Kd7 77. Qd5+ Ke7 78. Qe6+ Kf8 79.
Bc5+ 1-0

[Event "33. Seebach-Open"]
[Site "Grossenseebach"]
[Date "2024.06.01"]
[Round "5.1"]
[White "Kochiev, Ivan"]
[Black "Boehme, Markus"]
[Result "1-0"]
[WhiteElo "2134"]
[BlackElo "2196"]
[PlyCount "61"]
[EventDate "2024.??.??"]
[WhiteTeam "SC Noris-Tarrasch Nürnberg 1873"]
[BlackTeam "SC Uttenreuth e.V."]

1. e4 e5 2. Nf3 Nc6 3. Bc4 Nf6 4. d3 Be7 5. O-O O-O 6. c3 d5 7. exd5 Nxd5 8. h3
Nb6 9. Bb5 Nb8 10. Re1 a6 11. Ba4 Nxa4 12. Qxa4 Qxd3 13. Nxe5 Qf5 14. Bf4 b5
15. Qd4 Bb7 16. Nd2 Bf6 17. Nb3 Nc6 18. Nxc6 Bxc6 19. Qc5 Bd5 20. Bxc7 Qg5 21.
Bg3 Rac8 22. Qd6 Rc6 23. Qb4 h5 24. h4 Qg6 25. Rad1 Rc4 26. Qd6 Ba8 27. Nc5 Rd8
28. Nd7 Bxh4 29. Qxg6 fxg6 30. Bxh4 Rxh4 31. Nf6+ 1-0

[Event "33. Seebach-Open"]
[Site "Grossenseebach"]
[Date "2024.06.01"]
[Round "5.2"]
[White "Narr, Kevin"]
[Black "Ratushnyi, Viktor"]
[Result "1/2-1/2"]
[WhiteElo "2131"]
[BlackElo "2025"]
[PlyCount "38"]
[EventDate "2024.??.??"]
[WhiteTeam "SG Donautal Tuttlingen"]
[BlackTeam "SC Schwarz-Weiß Nürnberg Süd e.V"]

1. Nf3 Nf6 2. g3 g6 3. b3 Bg7 4. Bb2 O-O 5. Bg2 d6 6. d4 c6 7. O-O d5 8. c4 Bf5
9. Nc3 Ne4 10. Nh4 Nxc3 11. Bxc3 Be6 12. Qd3 Nd7 13. Rad1 Nf6 14. f4 a5 15. c5
b6 16. Rc1 Bc8 17. Rfd1 a4 18. b4 Ba6 19. Qc2 Bc4 1/2-1/2

[Event "33. Seebach-Open"]
[Site "Grossenseebach"]
[Date "2024.06.01"]
[Round "5.3"]
[White "Ott, Florian"]
[Black "Bieberle, Jan"]
[Result "1-0"]
[WhiteElo "2265"]
[BlackElo "2153"]
[PlyCount "59"]
[EventDate "2024.??.??"]
[WhiteTeam "SC Erlangen 48/88"]
[BlackTeam "SC Höchstadt/Aisch"]

1. d4 Nf6 2. Nf3 d5 3. Bf4 c5 4. e3 Nc6 5. Nbd2 Bf5 6. c3 e6 7. Bb5 Qb6 8. Qa4
a6 9. Bxc6+ bxc6 10. dxc5 Bxc5 11. Nb3 Bd3 12. Nxc5 Qxc5 13. Qd4 Qb5 14. O-O-O
Bg6 15. Bd6 Rd8 16. Ba3 Rc8 17. h4 c5 18. Qf4 h6 19. Ne5 Bh7 20. g4 O-O 21. g5
Ne4 22. gxh6 Nxc3 23. bxc3 Qb1+ 24. Kd2 Qc2+ 25. Ke1 Qxc3+ 26. Kf1 f6 27. hxg7
Kxg7 28. Rg1+ Kh8 29. Qh6 Qxe5 30. Qg7# 1-0

[Event "33. Seebach-Open"]
[Site "Grossenseebach"]
[Date "2024.06.01"]
[Round "5.4"]
[White "Liepold, Stefan"]
[Black "Leis, Stefan"]
[Result "1-0"]
[WhiteElo "2201"]
[BlackElo "1972"]
[PlyCount "53"]
[EventDate "2024.??.??"]
[WhiteTeam "SC Erlangen 48/88"]
[BlackTeam "SC Mühlhof-Reichelsdorf e.V."]

1. e4 c5 2. Nc3 g6 3. Nf3 Bg7 4. d4 cxd4 5. Nxd4 Nc6 6. Be3 Qa5 7. Be2 Nf6 8.
O-O d6 9. f4 O-O 10. Nb3 Qc7 11. Qe1 Bg4 12. Bd3 a6 13. f5 e6 14. h3 Bh5 15. g4
Bxg4 16. hxg4 Nxg4 17. Bf4 Qb6+ 18. Kh1 Nce5 19. Qg3 h5 20. Bg5 a5 21. f6 Bh8
22. Nd1 a4 23. Nd2 Qa5 24. Qh4 Nxf6 25. b4 Qxb4 26. Rb1 Qa5 27. Rb5 1-0

[Event "33. Seebach-Open"]
[Site "Grossenseebach"]
[Date "2024.06.01"]
[Round "5.5"]
[White "Heidrich, Manfred"]
[Black "Basel, Matthias"]
[Result "1/2-1/2"]
[WhiteElo "2184"]
[BlackElo "1989"]
[PlyCount "50"]
[EventDate "2024.??.??"]
[WhiteTeam "SC Forchheim e.V."]
[BlackTeam "SC Kitzingen von 1905"]

1. e4 g6 2. h4 Bg7 3. h5 d5 4. d3 Nc6 5. Nc3 Nf6 6. h6 Bf8 7. Bg5 d4 8. Nb1 Qd6
9. Nd2 Qc5 10. Bxf6 exf6 11. a3 Be6 12. g3 g5 13. Nb3 Qb6 14. Bh3 Bxh3 15. Rxh3
a5 16. Rb1 Rg8 17. Qg4 Rg6 18. Ne2 Ne5 19. Qf5 c5 20. Nd2 Qe6 21. f3 Qxf5 22.
exf5 Rxh6 23. Rxh6 Bxh6 24. Kf2 Bg7 25. a4 Ke7 1/2-1/2

[Event "33. Seebach-Open"]
[Site "Grossenseebach"]
[Date "2024.06.01"]
[Round "5.6"]
[White "Heimrath, Reiner"]
[Black "Kassner, Sascha"]
[Result "1-0"]
[WhiteElo "2163"]
[BlackElo "1937"]
[PlyCount "73"]
[EventDate "2024.??.??"]
[WhiteTeam "SC Noris-Tarrasch Nürnberg 1873"]
[BlackTeam "SF Rosenheim e.V."]

1. e4 g6 2. Nc3 Bg7 3. g3 d6 4. Bg2 e6 5. Nge2 Ne7 6. h4 h6 7. d3 a6 8. a4 b6
9. Be3 Bb7 10. Bd4 Bxd4 11. Nxd4 c5 12. Nb3 Nd7 13. d4 Qc7 14. Qe2 Rc8 15. d5
exd5 16. exd5 Nf6 17. O-O-O O-O 18. h5 Kg7 19. hxg6 fxg6 20. Qc4 Rce8 21. Nd4
Bxd5 22. Nxd5 Nexd5 23. Bxd5 Nxd5 24. Qxd5 cxd4 25. Qxd4+ Rf6 26. Rxh6 Re2 27.
Rxg6+ Kxg6 28. Qg4+ Kf7 29. Qxe2 Qc6 30. Qh5+ Kg7 31. Qg4+ Kf8 32. Qd4 Kg7 33.
f4 Qg2 34. g4 Qf3 35. f5 Qg3 36. Kb1 b5 37. g5 1-0

[Event "33. Seebach-Open"]
[Site "Grossenseebach"]
[Date "2024.06.01"]
[Round "5.7"]
[White "Huhn, Stefan"]
[Black "Seidel, Peter"]
[Result "1-0"]
[WhiteElo "1999"]
[BlackElo "2124"]
[PlyCount "55"]
[EventDate "2024.??.??"]
[WhiteTeam "SV Herrenberg e.V."]
[BlackTeam "SC Höchstadt/Aisch"]

1. d4 Nf6 2. Bf4 g6 3. Nc3 d5 4. e3 Bg7 5. h4 h6 6. Be2 c6 7. Nf3 Nbd7 8. Ne5
Qa5 9. Qd2 Nf8 10. f3 Ne6 11. Bh2 h5 12. O-O-O Nd7 13. Kb1 Ndf8 14. Bg3 Bd7 15.
e4 Bh6 16. Qd3 a6 17. f4 dxe4 18. Qxe4 f5 19. Qf3 Nc7 20. Bc4 Rh7 21. d5 cxd5
22. Nxd5 Nxd5 23. Rxd5 Qc7 24. Rhd1 Rc8 25. Rxd7 Nxd7 26. Rxd7 Qxc4 27. Nxc4
Kxd7 28. Nb6+ 1-0

[Event "33. Seebach-Open"]
[Site "Grossenseebach"]
[Date "2024.06.01"]
[Round "5.8"]
[White "Akhramsyah Muammar Ubaidah, Aqil"]
[Black "Meulner, Fabian"]
[Result "0-1"]
[WhiteElo "1949"]
[BlackElo "2085"]
[PlyCount "72"]
[EventDate "2024.??.??"]
[WhiteTeam "SF Brand 1981 e. V."]
[BlackTeam "SC JÄKLECHEMIE Talente Franken e"]

1. d4 d5 2. c4 e6 3. Nf3 Nf6 4. g3 h6 5. Bg2 Bd6 6. O-O O-O 7. Nc3 Nc6 8. c5
Be7 9. Rb1 a5 10. a3 Ne4 11. Qc2 e5 12. dxe5 Bf5 13. g4 Bh7 14. Ra1 Nxf2 15.
Qb3 Nxg4 16. Na4 Be4 17. Bf4 g5 18. Bg3 h5 19. h3 Nh6 20. Qxb7 Qd7 21. e6 Qxe6
22. Bxc7 g4 23. hxg4 hxg4 24. Bd6 Bxd6 25. Ng5 Qe5 26. Nxe4 Qh2+ 27. Kf2 Qh4+
28. Ke3 dxe4 29. Qxc6 Qg3+ 30. Kd4 Be5+ 31. Kc4 Qxg2 32. Qxh6 Qxe2+ 33. Kd5 Bg7
34. Qf4 Qd3+ 35. Kc6 Rfc8+ 36. Kb7 Qa6# 0-1

[Event "33. Seebach-Open"]
[Site "Grossenseebach"]
[Date "2024.06.01"]
[Round "5.9"]
[White "Stierhof, Michael"]
[Black "Koenig, Oliver"]
[Result "1/2-1/2"]
[WhiteElo "2068"]
[BlackElo "1935"]
[PlyCount "55"]
[EventDate "2024.??.??"]
[WhiteTeam "SC 1868 Bamberg"]
[BlackTeam "SGem 1882 Fürth"]

1. Nf3 Nf6 2. c4 g6 3. Nc3 Bg7 4. e4 d6 5. d4 O-O 6. h3 e5 7. d5 a5 8. Be3 Na6
9. g4 Nc5 10. Nd2 Ne8 11. h4 f5 12. gxf5 gxf5 13. Be2 Nf6 14. Qc2 c6 15. Rg1
Kh8 16. exf5 cxd5 17. cxd5 e4 18. Rg5 h6 19. Rxg7 Kxg7 20. O-O-O Bxf5 21. Nf1
Ng4 22. Bd4+ Ne5 23. Ng3 Kh7 24. Rg1 Qf6 25. Kd1 Rg8 26. Qd2 Raf8 27. Qe3 Qxh4
28. Bxe5 1/2-1/2

[Event "33. Seebach-Open"]
[Site "Grossenseebach"]
[Date "2024.06.01"]
[Round "5.10"]
[White "Steiner, Tizian"]
[Black "Piotraschke, Jens"]
[Result "0-1"]
[WhiteElo "1875"]
[BlackElo "2064"]
[PlyCount "70"]
[EventDate "2024.??.??"]
[WhiteTeam "SC 1868 Bamberg"]
[BlackTeam "TuS Coswig 1920"]

1. e4 c6 2. d4 d5 3. exd5 cxd5 4. Bd3 Nc6 5. c3 Qc7 6. Ne2 Bg4 7. O-O e6 8. f3
Bh5 9. Bf4 Bd6 10. Bxd6 Qxd6 11. Nd2 Bg6 12. Bxg6 hxg6 13. f4 Nf6 14. h3 O-O
15. Nf3 Ne4 16. Ne5 Ne7 17. Qd3 b5 18. a3 a5 19. Ng3 Nxg3 20. Qxg3 Rfc8 21. Qd3
b4 22. axb4 axb4 23. g4 Rxa1 24. Rxa1 bxc3 25. bxc3 Qc7 26. Ra3 Nc6 27. Kg2
Nxe5 28. fxe5 Qb6 29. Qd2 Qb1 30. Kh2 Rb8 31. Ra2 Kh7 32. Kg2 Qe4+ 33. Kh2 Rb1
34. Qg2 Qf4+ 35. Qg3 Rh1+ 0-1

[Event "33. Seebach-Open"]
[Site "Grossenseebach"]
[Date "2024.06.01"]
[Round "5.11"]
[White "Arora, Abhiraaj"]
[Black "Deschler, Arne"]
[Result "0-1"]
[WhiteElo "1827"]
[BlackElo "2052"]
[PlyCount "76"]
[EventDate "2024.??.??"]
[WhiteTeam "SC Erlangen 48/88"]
[BlackTeam "SC Noris-Tarrasch Nürnberg 1873"]

1. e4 c6 2. d4 d5 3. f3 e6 4. Nc3 Bb4 5. Bd2 Bxc3 6. Bxc3 dxe4 7. Bc4 exf3 8.
Nxf3 Nd7 9. O-O Ngf6 10. Qe2 Nb6 11. Bd3 Nbd5 12. Bd2 Bd7 13. c4 Ne7 14. Rae1
O-O 15. Bb4 a5 16. Ng5 axb4 17. Rxf6 Ng6 18. Qh5 h6 19. Rxf7 Nf4 20. Rxf4 Rxf4
21. Nf3 Qf6 22. Rf1 g5 23. Qh3 g4 24. Qg3 Kh8 25. Ne5 Rxf1+ 26. Bxf1 Rxa2 27.
Qb3 Ra1 28. Qd3 Be8 29. g3 c5 30. Kg2 cxd4 31. Nxg4 Bc6+ 32. Kg1 Qg7 33. Qe2 d3
34. Qf2 Qxg4 35. Qf8+ Kh7 36. Qf7+ Qg7 37. Qxe6 Qd4+ 38. Qe3 Qxe3# 0-1

[Event "33. Seebach-Open"]
[Site "Grossenseebach"]
[Date "2024.06.01"]
[Round "5.12"]
[White "Redzepovic, Irfan"]
[Black "Heppert, Lars"]
[Result "0-1"]
[WhiteElo "2028"]
[BlackElo "1910"]
[PlyCount "44"]
[EventDate "2024.??.??"]
[WhiteTeam "SC Schwarz-Weiß Nürnberg Süd e.V"]
[BlackTeam "SK Neuburg"]

1. e4 d6 2. d4 Nf6 3. Nc3 Nbd7 4. f4 e5 5. Nf3 exd4 6. Qxd4 c6 7. Be3 d5 8.
exd5 Bc5 9. Qd2 Qe7 10. Ne5 Nxe5 11. Bxc5 Nd3+ 12. Kd1 Bg4+ 13. Be2 Bxe2+ 14.
Nxe2 Nxc5 15. Re1 O-O-O 16. Nd4 Qd7 17. c4 cxd5 18. Rc1 Kb8 19. Re5 dxc4 20.
Rxc4 Ne6 21. Re3 Nxd4 22. Rd3 Qg4+ 0-1

[Event "33. Seebach-Open"]
[Site "Grossenseebach"]
[Date "2024.06.01"]
[Round "5.13"]
[White "Isbilir, Levin"]
[Black "Korn, Lukas Alexander"]
[Result "1-0"]
[WhiteElo "2024"]
[BlackElo "1883"]
[PlyCount "93"]
[EventDate "2024.??.??"]
[WhiteTeam "SC Erlangen 48/88"]
[BlackTeam "FSV Großenseebach"]

1. e4 e5 2. Nf3 Nc6 3. Bb5 a6 4. Bxc6 dxc6 5. O-O Ne7 6. Nxe5 Qd4 7. Qh5 g6 8.
Qg5 Bg7 9. Nd3 Be6 10. Nc5 h6 11. Nxe6 hxg5 12. Nxd4 Bxd4 13. c3 Be5 14. h3 c5
15. d3 g4 16. f4 gxf3 17. Rxf3 Rd8 18. Kf2 Rd7 19. Ke2 Nc6 20. Na3 b5 21. Be3
b4 22. Nb1 bxc3 23. bxc3 Nb4 24. d4 cxd4 25. cxd4 Bxd4 26. Bxd4 Rxd4 27. Nc3
O-O 28. a3 Nc6 29. Rd3 Rxd3 30. Kxd3 Rd8+ 31. Nd5 Na5 32. Kc3 c5 33. Rb1 Rd6
34. Rb6 Rxb6 35. Nxb6 Kg7 36. Nd7 Nb7 37. e5 Kh6 38. Kc4 Kg5 39. Nxc5 Nxc5 40.
Kxc5 Kf4 41. Kd6 a5 42. Ke7 Kxe5 43. Kxf7 Kf5 44. g4+ Kg5 45. a4 Kh6 46. Kf6
Kh7 47. g5 1-0

[Event "33. Seebach-Open"]
[Site "Grossenseebach"]
[Date "2024.06.01"]
[Round "5.14"]
[White "Homi, Joseph"]
[Black "Faust, Bernhard"]
[Result "1-0"]
[WhiteElo "2134"]
[BlackElo "1818"]
[PlyCount "43"]
[EventDate "2024.??.??"]
[WhiteTeam "SGem 1882 Fürth"]
[BlackTeam "SK Rothenburg e.V."]

1. e4 b6 2. d4 Bb7 3. Nc3 e6 4. Bd3 Bb4 5. Nge2 Nf6 6. a3 Be7 7. e5 Nd5 8. Ne4
f5 9. N4g3 c5 10. c4 Nc7 11. d5 exd5 12. cxd5 Bxd5 13. Nxf5 O-O 14. Nf4 Bf7 15.
Qg4 g6 16. Nh6+ Kh8 17. Qh3 Ne6 18. Nxf7+ Rxf7 19. Nxe6 dxe6 20. Bxg6 Rg7 21.
Be4 Nd7 22. Bh6 1-0

[Event "33. Seebach-Open"]
[Site "Grossenseebach"]
[Date "2024.06.01"]
[Round "5.15"]
[White "Bomert, Christian"]
[Black "Albert, Markus"]
[Result "1/2-1/2"]
[WhiteElo "1824"]
[BlackElo "2255"]
[PlyCount "44"]
[EventDate "2024.??.??"]
[WhiteTeam "HSK Lister Turm"]
[BlackTeam "SC Ansbach 1855 e.V."]

1. e4 Nc6 2. d4 e5 3. dxe5 Nxe5 4. Nf3 Nc6 5. Bc4 d6 6. O-O Be7 7. Nc3 Nf6 8.
h3 O-O 9. Re1 Re8 10. Bf4 Nd7 11. Nd5 Bf6 12. c3 Nde5 13. Nxf6+ Qxf6 14. Bxe5
dxe5 15. Qe2 Ne7 16. Kh2 Bd7 17. Qe3 Ng6 18. g3 h6 19. Rad1 Re7 20. Kg2 Kh8 21.
Rd2 Rf8 22. Red1 Bc6 1/2-1/2

[Event "33. Seebach-Open"]
[Site "Grossenseebach"]
[Date "2024.06.01"]
[Round "5.16"]
[White "Quaschner, Manuel"]
[Black "Thurn, Stephan"]
[Result "1-0"]
[WhiteElo "2091"]
[BlackElo "1761"]
[PlyCount "35"]
[EventDate "2024.??.??"]
[WhiteTeam "FSV Großenseebach"]
[BlackTeam "TSV Kirchehrenbach"]

1. e4 e5 2. Nf3 Nf6 3. Nxe5 d6 4. Nc4 Nxe4 5. Qe2 Qe7 6. Ne3 c6 7. Nc3 Nxc3 8.
dxc3 Be6 9. g3 g6 10. f4 Nd7 11. Bg2 O-O-O 12. f5 gxf5 13. O-O Ne5 14. Nxf5 Qd7
15. Qh5 Ng6 16. Bd2 Ne7 17. Nd4 Bg4 18. Qa5 1-0